Business communication today / (Record no. 3308)

000 -LEADER
fixed length control field 01257cam a2200349 a 4500
001 - CONTROL NUMBER
control field 15697612
003 - CONTROL NUMBER IDENTIFIER
control field OSt
005 - DATE AND TIME OF LATEST TRANSACTION
control field 20160930160843.0
008 - FIXED-LENGTH DATA ELEMENTS--GENERAL INFORMATION
fixed length control field 090413s2010 njua b 001 0 eng
010 ## - LIBRARY OF CONGRESS CONTROL NUMBER
LC control number 2009015614
015 ## - NATIONAL BIBLIOGRAPHY NUMBER
National bibliography number GBA953708
Source bnb
016 7# - NATIONAL BIBLIOGRAPHIC AGENCY CONTROL NUMBER
Record control number 015270455
Source Uk
020 ## - INTERNATIONAL STANDARD BOOK NUMBER
International Standard Book Number 9780138155391
020 ## - INTERNATIONAL STANDARD BOOK NUMBER
International Standard Book Number 0138155399
035 ## - SYSTEM CONTROL NUMBER
System control number (OCoLC)ocn297146315
040 ## - CATALOGING SOURCE
Original cataloging agency DLC
Transcribing agency DLC
Modifying agency YDX
-- BTCTA
-- UKM
-- YDXCP
-- CDX
-- BWX
-- DLC
043 ## - GEOGRAPHIC AREA CODE
Geographic area code n-us---
050 00 - LIBRARY OF CONGRESS CALL NUMBER
Classification number HF5718.B66 2010
082 00 - DEWEY DECIMAL CLASSIFICATION NUMBER
Classification number 658.4/5
Edition number 22
100 1# - MAIN ENTRY--PERSONAL NAME
Personal name Bovée, Courtland L.
245 10 - TITLE STATEMENT
Title Business communication today /
Statement of responsibility, etc Courtland L. Bovée, John V. Thill.
250 ## - EDITION STATEMENT
Edition statement 10th ed.
260 ## - PUBLICATION, DISTRIBUTION, ETC. (IMPRINT)
Place of publication, distribution, etc Upper Saddle River, N.J. :
Name of publisher, distributor, etc Prentice Hall,
Date of publication, distribution, etc c2010.
300 ## - PHYSICAL DESCRIPTION
Extent xxxi, 617, [98] p. :
Other physical details col. ill. ;
Dimensions 29 cm.
504 ## - BIBLIOGRAPHY, ETC. NOTE
Bibliography, etc Includes bibliographical references and indexes.
650 #0 - SUBJECT ADDED ENTRY--TOPICAL TERM
Topical term or geographic name as entry element Business communication
Geographic subdivision United States
Form subdivision Case studies.
650 #0 - SUBJECT ADDED ENTRY--TOPICAL TERM
Topical term or geographic name as entry element Communication in organizations
Geographic subdivision United States
Form subdivision Case studies.
700 1# - ADDED ENTRY--PERSONAL NAME
Personal name Thill, John V.
906 ## - LOCAL DATA ELEMENT F, LDF (RLIN)
a 7
b cbc
c orignew
d 1
e ecip
f 20
g y-gencatlg
942 ## - ADDED ENTRY ELEMENTS (KOHA)
Source of classification or shelving scheme
Koha item type Book
Holdings
Withdrawn status Lost status Source of classification or shelving scheme Damaged status Not for loan Home library Current library Shelving location Date acquired Total Checkouts Total Renewals Full call number Barcode Date last seen Date checked out Copy number Price effective from Koha item type
          Riara University Library Riara University Library General stack 30/09/2016 14 3 HF5718.B66 2010 8294/16 14/11/2019 29/10/2019 C.1 30/09/2016 Book

Riara University Library,
P.O. Box 49940-00100,
Nairobi, Kenya.